[Event "Rheinland Pfalz op 4th"]
[Site "Altenkirchen"]
[Date "2012.06.08"]
[Round "3"]
[White "Besel, Waldemar"]
[Black "Hevizi, Janos"]
[Result "0-1"]
[WhiteElo "2083"]
[BlackElo "1755"]
[PlyCount "60"]
[EventDate "2012.06.07"]
[EventType "swiss"]
[EventRounds "7"]
[EventCountry "GER"]
[SourceTitle "CBM 148 Extra"]
[Source "ChessBase"]
[SourceDate "2012.06.22"]
[SourceVersion "1"]
[SourceVersionDate "2012.06.22"]
[SourceQuality "1"]

1. Nf3 d5 2. d4 Nf6 3. g3 h6 4. Bg2 c6 5. 0-0 Bf5 6. b3 e6 7. c4 Bd6 8. Bb2 0-0 9. Nbd2 Nbd7 10. Re1 Ne4 11. a3 Ndf6 12. Nf1 Ng4 13. Nh4 Ngxf2 14. Qc1 Nh3+ 15. Bxh3 Bxh3 16. Nd2 Nxg3 17. hxg3 Bxg3 18. Ndf3 Bxh4 19. Kh2 Bxe1 20. Kxh3 Ba5 21. Qe3 Qf6 22. Rg1 Bc7 23. Bc1 Kh7 24. Kg2 g5 25. Rf1 Qg6 26. Qc3 Qe4 27. Kf2 Bf4 28. e3 Bc7 29. Rh1 f6 30. Nd2 Qxh1 0-1

[Event "Rheinland Pfalz op 4th"]
[Site "Altenkirchen"]
[Date "2012.06.07"]
[Round "2"]
[White "Dgebuadze, Alexandre"]
[Black "Besel, Waldemar"]
[Result "1-0"]
[WhiteElo "2558"]
[BlackElo "2083"]
[PlyCount "73"]
[EventDate "2012.06.07"]
[EventType "swiss"]
[EventRounds "7"]
[EventCountry "GER"]
[SourceTitle "CBM 148 Extra"]
[Source "ChessBase"]
[SourceDate "2012.06.22"]
[SourceVersion "1"]
[SourceVersionDate "2012.06.22"]
[SourceQuality "1"]

1. e4 c5 2. Nf3 e6 3. Nc3 a6 4. d4 cxd4 5. Nxd4 b5 6. g3 Bb7 7. Bg2 Nf6 8. Qe2 d6 9. 0-0 Be7 10. e5 Bxg2 11. exf6 Bxf6 12. Kxg2 Bxd4 13. Qe4 Bxc3 14. Qxa8 Bf6 15. a4 b4 16. Qb7 a5 17. Rd1 0-0 18. Bf4 d5 19. c3 bxc3 20. bxc3 Nd7 21. Bd6 Re8 22. Rac1 Qc8 23. Qb5 Be5 24. Ba3 Qc7 25. c4 d4 26. c5 Rb8 27. Qa6 Rc8 28. f4 Bf6 29. Qd6 Qa7 30. c6 Nb8 31. Kh3 h6 32. Bc5 Qa8 33. c7 Nc6 34. Qd7 Qb7 35. Bd6 Na7 36. Be5 Qf3 37. Bxf6 1-0

[Event "Solingen Karneval op"]
[Site "Solingen"]
[Date "2012.02.18"]
[Round "2"]
[White "Besel, Waldemar"]
[Black "Hollender, Christoph"]
[Result "1-0"]
[WhiteElo "2076"]
[BlackElo "1831"]
[PlyCount "79"]
[EventDate "2012.02.17"]
[EventType "swiss"]
[EventRounds "5"]
[EventCountry "GER"]
[SourceTitle "EXT 2015"]
[Source "ChessBase"]
[SourceDate "2014.11.20"]
[SourceVersion "1"]
[SourceVersionDate "2014.11.20"]
[SourceQuality "1"]

1. Nf3 Nf6 2. c4 g6 3. g3 Bg7 4. Bg2 0-0 5. 0-0 c5 6. Nc3 Nc6 7. d4 cxd4 8. Nxd4 Nxd4 9. Qxd4 d6 10. Qd3 a6 11. h3 Qc7 12. Bd2 Bd7 13. Rac1 Rac8 14. b3 Qb8 15. a4 Bc6 16. e4 Nd7 17. Rb1 Nc5 18. Qe2 b6 19. Kh2 Rc7 20. f4 Rb7 21. h4 b5 22. cxb5 axb5 23. axb5 Bxb5 24. Nxb5 Rxb5 25. b4 Na4 26. Rfc1 e6 27. Qd1 Nb2 28. Qb3 Rc8 29. Rxc8+ Qxc8 30. Rxb2 Bxb2 31. Qxb2 Qc4 32. Qc3 Qxc3 33. Bxc3 d5 34. exd5 exd5 35. Bf1 Rb7 36. b5 Kf8 37. Bd4 Ke7 38. b6 f6 39. Ba6 Rb8 40. b7 1-0

[Event "Solingen Karneval op"]
[Site "Solingen"]
[Date "2012.02.18"]
[Round "3"]
[White "Hanke, Stefan"]
[Black "Besel, Waldemar"]
[Result "0-1"]
[WhiteElo "1840"]
[BlackElo "2076"]
[PlyCount "51"]
[EventDate "2012.02.17"]
[EventType "swiss"]
[EventRounds "5"]
[EventCountry "GER"]
[SourceTitle "EXT 2015"]
[Source "ChessBase"]
[SourceDate "2014.11.20"]
[SourceVersion "1"]
[SourceVersionDate "2014.11.20"]
[SourceQuality "1"]

1. d4 d5 2. c4 dxc4 3. e3 Nf6 4. Bxc4 e6 5. Nf3 c5 6. Nc3 a6 7. a4 Nc6 8. 0-0 b6 9. Qe2 Bb7 10. Rd1 Qc7 11. dxc5 Bxc5 12. h3 0-0 13. e4 Nd7 14. Be3 Nce5 15. Nxe5 Nxe5 16. Bxc5 Qxc5 17. Ba2 h6 18. Rac1 Qb4 19. Rc2 Rac8 20. Rcd2 Ng6 21. Rd4 Qc5 22. Qd2 b5 23. axb5 axb5 24. Bb1 Ne5 25. Ne2 Nc4 26. Qf4 0-1

[Event "Oberliga NRW 0708"]
[Site "Germany"]
[Date "2008.02.10"]
[Round "6.8"]
[White "Gutowski, Andre"]
[Black "Besel, Waldemar"]
[Result "1/2-1/2"]
[WhiteElo "2086"]
[BlackElo "2161"]
[PlyCount "138"]
[EventDate "2007.09.16"]
[EventType "team-tourn"]
[EventRounds "9"]
[EventCountry "GER"]
[SourceTitle "EXT 2009"]
[Source "ChessBase"]
[SourceDate "2008.11.26"]
[SourceVersion "1"]
[SourceVersionDate "2008.11.26"]
[SourceQuality "1"]
[WhiteTeam "Nord II"]
[BlackTeam "Betzdorf Kirchen"]
[WhiteTeamCountry "GER"]
[BlackTeamCountry "GER"]

1. c4 e5 2. g3 Nf6 3. Bg2 Bc5 4. Nc3 Nc6 5. a3 a5 6. e3 d6 7. Nge2 0-0 8. 0-0 Bg4 9. h3 Bxe2 10. Qxe2 Re8 11. d3 Rb8 12. Nd5 Nxd5 13. cxd5 Ne7 14. b3 f5 15. Kh2 Ng6 16. Bd2 Bb6 17. Rac1 Qd7 18. Rc4 Ra8 19. Qh5 Rf8 20. Qd1 Bc5 21. Ra4 Bb6 22. Qe1 Qb5 23. Qb1 Ne7 24. Rc4 Qd7 25. f4 Ng6 26. fxe5 Nxe5 27. Rcf4 Ng6 28. R4f3 Rae8 29. d4 Ne7 30. g4 g6 31. Rf4 fxg4 32. hxg4 Rxf4 33. Rxf4 g5 34. Rf3 Ng6 35. Rf5 Qe7 36. Qf1 Nh4 37. Rf6 Rf8 38. Rxf8+ Qxf8 39. Qxf8+ Kxf8 40. Be4 Kg7 41. Kg3 Ng6 42. Bc3 Ne7 43. Bf3 Kf7 44. Kf2 c6 45. dxc6 bxc6 46. Ke2 d5 47. Kd3 Ke6 48. b4 axb4 49. Bxb4 Ng6 50. Kc3 Kd7 51. a4 Ne7 52. Be2 Ng8 53. Bd3 Nf6 54. Bf5+ Kd8 55. a5 Ba7 56. Kd3 h5 57. gxh5 Nxh5 58. Bd6 Nf6 59. Ke2 Ne8 60. Be5 Ke7 61. Kf3 Nd6 62. Bd3 c5 63. dxc5 Bxc5 64. a6 Nc8 65. Bf5 Na7 66. Bd4 Bxd4 67. exd4 Kd6 68. Kg4 Nc6 69. Kxg5 Kc7 1/2-1/2

[Event "Oberliga NRW 0708"]
[Site "Germany"]
[Date "2007.10.14"]
[Round "2.5"]
[White "Besel, Waldemar"]
[Black "Villwock, Martin"]
[Result "0-1"]
[WhiteElo "2161"]
[BlackElo "2209"]
[PlyCount "90"]
[EventDate "2007.09.16"]
[EventType "team-tourn"]
[EventRounds "9"]
[EventCountry "GER"]
[SourceTitle "EXT 2009"]
[Source "ChessBase"]
[SourceDate "2008.11.26"]
[SourceVersion "1"]
[SourceVersionDate "2008.11.26"]
[SourceQuality "1"]
[WhiteTeam "Betzdorf Kirchen"]
[BlackTeam "Katernberg II"]
[WhiteTeamCountry "GER"]
[BlackTeamCountry "GER"]

1. Nf3 c5 2. c4 Nc6 3. d4 cxd4 4. Nxd4 Qb6 5. Nb3 e6 6. Nc3 Nf6 7. h3 Bb4 8. Be3 Qc7 9. a3 Bxc3+ 10. bxc3 d5 11. c5 0-0 12. g4 e5 13. Bg2 Be6 14. 0-0 Rad8 15. Qc2 Rfe8 16. Bg5 Ne7 17. f4 exf4 18. Bxf4 Qc8 19. Bg3 Ne4 20. Bxe4 dxe4 21. Bf2 Bxg4 22. Qxe4 Bxh3 23. Rfd1 Nd5 24. Qf3 Bg4 25. Qg3 Bxe2 26. Rd4 Nf6 27. Qh4 Rxd4 28. Qxd4 Re4 29. Qd6 Qh3 30. Qb8+ Re8 31. Qg3 Qxg3+ 32. Bxg3 Ne4 33. Bd6 Nxc3 34. Rc1 Ne4 35. Nd4 Bg4 36. Nb5 a6 37. Nc7 Rd8 38. Bf4 g5 39. Be3 Rd3 40. Re1 h6 41. c6 bxc6 42. Bc1 Nc5 43. Bb2 Rd1 44. Rxd1 Bxd1 45. Ne8 f5 0-1

[Event "Nuremberg LGA Cup 3rd"]
[Site "Nuremberg"]
[Date "2006.09.10"]
[Round "7"]
[White "Poldauf, Dirk"]
[Black "Besel, Waldemar"]
[Result "1-0"]
[WhiteElo "2433"]
[BlackElo "2181"]
[PlyCount "55"]
[EventDate "2006.09.07"]
[EventType "swiss"]
[EventRounds "7"]
[EventCountry "GER"]
[SourceTitle "CBM 114 Extra"]
[Source "ChessBase"]
[SourceDate "2006.11.03"]
[SourceVersion "1"]
[SourceVersionDate "2006.11.03"]
[SourceQuality "1"]

1. c4 Nf6 2. Nc3 c5 3. g3 g6 4. Bg2 Bg7 5. e3 0-0 6. Nge2 Nc6 7. d4 d6 8. 0-0 a6 9. b3 Qc7 10. Bb2 Rb8 11. Nd5 Nxd5 12. cxd5 Na7 13. Rc1 Qd8 14. Qd2 b6 15. a4 Bd7 16. e4 c4 17. bxc4 Bxa4 18. Ra1 Qd7 19. Rfc1 Rfc8 20. Qb4 b5 21. c5 dxc5 22. dxc5 a5 23. Qd2 b4 24. Bxg7 Kxg7 25. Qb2+ Kg8 26. e5 b3 27. e6 fxe6 28. Bh3 1-0

[Event "Werther Schloss op-A 12th"]
[Site "Werther"]
[Date "2006.04.07"]
[Round "3"]
[White "Ivanov, Mikhail M"]
[Black "Besel, Waldemar"]
[Result "1-0"]
[WhiteElo "2443"]
[BlackElo "2161"]
[PlyCount "69"]
[EventDate "2006.04.06"]
[EventType "swiss"]
[EventRounds "7"]
[EventCountry "GER"]
[SourceTitle "CBM 111 Extra"]
[Source "ChessBase"]
[SourceDate "2006.05.09"]
[SourceVersion "1"]
[SourceVersionDate "2006.05.09"]
[SourceQuality "1"]

1. d4 Nf6 2. c4 e6 3. Nf3 b6 4. Bf4 Bb7 5. e3 Bb4+ 6. Nfd2 0-0 7. a3 Be7 8. Nc3 d5 9. Be2 c5 10. dxc5 Bxc5 11. Bf3 Be7 12. 0-0 Nc6 13. cxd5 exd5 14. Nb3 Nb8 15. Qc2 Na6 16. Rfd1 Rc8 17. Rd2 Qd7 18. Rad1 Nc7 19. Qb1 Ne6 20. Be5 Nc5 21. Nxc5 Rxc5 22. Bxf6 Bxf6 23. Ne4 Rfc8 24. Nxc5 Rxc5 25. b4 Rc8 26. Bxd5 Bxd5 27. Rxd5 Qa4 28. Qf5 Rf8 29. Qd3 g6 30. e4 Bb2 31. e5 Qxa3 32. Qxa3 Bxa3 33. b5 Re8 34. Rd8 Kf8 35. f4 1-0

[Event "NRW Class2 0506"]
[Site "Germany"]
[Date "2006.01.08"]
[Round "5.7"]
[White "Besel, Waldemar"]
[Black "Wicht, Juergen"]
[Result "1-0"]
[WhiteElo "2161"]
[BlackElo "2172"]
[PlyCount "69"]
[EventDate "2005.09.25"]
[EventType "team"]
[EventRounds "9"]
[EventCountry "GER"]
[SourceTitle "EXT 2006"]
[Source "ChessBase"]
[SourceDate "2005.11.24"]
[SourceVersion "1"]
[SourceVersionDate "2005.11.24"]
[SourceQuality "1"]
[WhiteTeam "Betzdorf Kirchen"]
[BlackTeam "Elberfeld"]
[WhiteTeamCountry "GER"]
[BlackTeamCountry "GER"]

1. Nf3 Nf6 2. c4 c5 3. g3 b6 4. Bg2 Bb7 5. 0-0 g6 6. Nc3 Bg7 7. d3 0-0 8. Bg5 d6 9. Qd2 Nc6 10. e4 Qd7 11. h3 e6 12. Bh6 Rad8 13. Bxg7 Kxg7 14. d4 Na5 15. Qe2 cxd4 16. Nxd4 Rc8 17. b3 Rfd8 18. Rac1 Qc7 19. Rfd1 Qb8 20. Qe3 Rc7 21. Rd2 Rcd7 22. Rcd1 Ng8 23. Nf3 Ne7 24. Ne5 Rc7 25. Ng4 Ng8 26. Nb5 Rcd7 27. Qc3+ f6 28. b4 Nc6 29. c5 bxc5 30. bxc5 e5 31. Nxd6 Nd4 32. Rxd4 exd4 33. Qxd4 Rxd6 34. cxd6 Kf7 35. Bf1 1-0

[Event "Suedwestfalen Verbandsklasse 0203"]
[Site "Suedwestfalen"]
[Date "2003.02.02"]
[Round "6"]
[White "Schmidt, Volker1111"]
[Black "Besel, Waldemar"]
[Result "0-1"]
[WhiteElo "2034"]
[BlackElo "2088"]
[PlyCount "147"]
[EventDate "2002.10.06"]
[EventType "team"]
[EventRounds "9"]
[EventCountry "GER"]
[SourceTitle "EXT 2007"]
[Source "ChessBase"]
[SourceDate "2006.11.23"]
[SourceVersion "1"]
[SourceVersionDate "2006.11.23"]
[SourceQuality "1"]

1. e4 d6 2. d4 Nf6 3. Nc3 g6 4. Be3 Bg7 5. f3 c6 6. Qd2 Qa5 7. 0-0-0 0-0 8. h4 h5 9. Nh3 b5 10. Kb1 b4 11. Ne2 Na6 12. Nc1 Rb8 13. Bh6 c5 14. Bc4 cxd4 15. Bxg7 Kxg7 16. Qxd4 Qc5 17. Nb3 Qxd4 18. Nxd4 Nc5 19. Ng5 Rb6 20. Rhe1 Nfd7 21. f4 Bb7 22. e5 dxe5 23. fxe5 e6 24. g3 Re8 25. Rd2 Re7 26. Bb5 Nb8 27. Bf1 a6 28. Bg2 Bxg2 29. Rxg2 Nc6 30. Nxc6 Rxc6 31. Rd2 Rd7 32. Red1 Rxd2 33. Rxd2 Rc7 34. Kc1 Rd7 35. Rxd7 Nxd7 36. Nf3 f6 37. exf6+ Kxf6 38. Kd2 Nc5 39. Ng5 Kf5 40. c4 e5 41. Ke3 a5 42. Nf7 a4 43. Nd6+ Ke6 44. Ne4 Na6 45. b3 axb3 46. axb3 Kf5 47. Kf3 Nb8 48. Nd6+ Ke6 49. Nb7 Nc6 50. Ke4 Nd4 51. Nc5+ Kd6 52. Nd3 Nxb3 53. Nxb4 Nd2+ 54. Ke3 Nxc4+ 55. Kd3 Nb6 56. Ke4 Nd7 57. Kf3 Nf6 58. Ke2 Ke6 59. Nc6 Nd5 60. Kd3 Kf5 61. Ke2 e4 62. Kf2 Ke6 63. Nd4+ Ke5 64. Nc6+ Kd6 65. Nd8 Nf6 66. Ke3 Kd5 67. Nf7 Nd7 68. Nd8 Nc5 69. Nf7 Ke6 70. Nd8+ Kf5 71. Nc6 Kg4 72. Ne7 Kxg3 73. Nxg6 Kg4 74. Kf2 0-1

[Event "Oberliga NRW 0001 I"]
[Site "NRW"]
[Date "2000.11.19"]
[Round "3.6"]
[White "Besel, Waldemar"]
[Black "Vossen, Klaus"]
[Result "0-1"]
[WhiteElo "2093"]
[BlackElo "2054"]
[PlyCount "138"]
[EventDate "2000.09.24"]
[EventType "team"]
[EventRounds "9"]
[EventCountry "GER"]
[SourceTitle "EXT 2006"]
[Source "ChessBase"]
[SourceDate "2005.11.24"]
[SourceVersion "1"]
[SourceVersionDate "2005.11.24"]
[SourceQuality "1"]
[WhiteTeam "Betzdorf Kirchen"]
[BlackTeam "Godesberg II"]
[WhiteTeamCountry "GER"]
[BlackTeamCountry "GER"]

1. e4 c5 2. Nc3 e6 3. g3 d6 4. Bg2 Nc6 5. Nge2 Qb6 6. d3 Nge7 7. 0-0 g6 8. Rb1 Bg7 9. Be3 Nd4 10. Qd2 h6 11. Kh1 Bd7 12. Nf4 a5 13. Nce2 Nxe2 14. Nxe2 Bb5 15. f4 Rc8 16. Rf2 f5 17. c4 Bd7 18. Nc3 0-0 19. h3 Bc6 20. g4 Rf7 21. Rg1 Kh7 22. Bf3 Rcf8 23. gxf5 exf5 24. Rfg2 Bd4 25. Nd5 Bxd5 26. exd5 Bf6 27. Qf2 Rg7 28. h4 Rfg8 29. Bd1 Qd8 30. d4 b6 31. Bc2 h5 32. b3 Qd7 33. dxc5 bxc5 34. Qe1 Ra8 35. Bd2 Ng8 36. Bc3 Bxc3 37. Qxc3 Nh6 38. Rg5 Ng4 39. R1xg4 hxg4 40. h5 Rf8 41. Kg2 gxh5 42. Rxh5+ Kg8 43. Rh6 Qe7 44. Re6 Qd8 45. Qe1 g3 46. Bxf5 Qh4 47. Bh3 Qxf4 48. Re2 Qf3+ 49. Kg1 Kh8 50. Bg2 Qf4 51. Qc3 Qh4 52. Bf3 Qf6 53. Re3 Qxc3 54. Rxc3 Re8 55. Kg2 Re1 56. Rd3 Kh7 57. Kh3 Kh6 58. Rc3 Rg5 59. Rc2 Kg6 60. Rc3 Kf6 61. Bg2 Ke5 62. Kh4 Rg7 63. Rc2 Kf4 64. Kh5 Re8 65. Kh6 Rg4 66. Kh7 Re5 67. Kh6 Ke3 68. Bf1 Rh4+ 69. Kg6 Rh2 0-1

[Event "Oberliga NRW 9900 I"]
[Site "Germany"]
[Date "1999.11.22"]
[Round "2.6"]
[White "Besel, Waldemar"]
[Black "Buenermann, Volker"]
[Result "1-0"]
[WhiteElo "2052"]
[BlackElo "2295"]
[PlyCount "143"]
[EventDate "1999.10.26"]
[EventType "team"]
[EventRounds "9"]
[EventCountry "GER"]
[SourceTitle "EXT 2001"]
[Source "ChessBase"]
[SourceDate "2000.11.22"]
[SourceVersion "1"]
[SourceVersionDate "2000.11.22"]
[SourceQuality "1"]
[WhiteTeam "Betzdorf Kirchen"]
[BlackTeam "Essen Borbeck"]
[WhiteTeamCountry "GER"]
[BlackTeamCountry "GER"]

1. e4 c5 2. c3 d6 3. d4 Nf6 4. Bd3 g6 5. Ne2 Bg7 6. 0-0 0-0 7. Na3 a6 8. Ng3 b5 9. Nc2 Qc7 10. f3 Nc6 11. Be3 Na5 12. Rc1 cxd4 13. cxd4 Nc4 14. Bxc4 Qxc4 15. b3 Qc3 16. Ne2 Qa5 17. Bd2 Qb6 18. Qe1 Bd7 19. Be3 Rfc8 20. d5 Qd8 21. Qd2 Qe8 22. Qa5 e6 23. dxe6 Bxe6 24. Nb4 d5 25. e5 Nd7 26. f4 Rxc1 27. Rxc1 g5 28. Qc7 gxf4 29. Bxf4 Bg4 30. Ng3 Nxe5 31. Rf1 Ng6 32. Bd2 Rd8 33. Re1 Bd4+ 34. Kh1 Qd7 35. Qxd7 Rxd7 36. Re8+ Kg7 37. h3 Bf2 38. Kh2 Bd1 39. Nf5+ Kf6 40. Nh6 a5 41. Ng8+ Kf5 42. g4+ Bxg4 43. hxg4+ Kxg4 44. Nf6+ Kf3 45. Nxd7 axb4 46. Kh3 Bd4 47. Nf8 Bc3 48. Bh6 Nxf8 49. Rxf8 f6 50. Bg5 Ke2 51. Bxf6 d4 52. Kg2 d3 53. Re8+ Kd1 54. Bg5 Kc2 55. Kf3 d2 56. Re2 Kd3 57. Bxd2 Bxd2 58. Rh2 h6 59. Rh5 Bg5 60. Rh2 Bd2 61. Re2 Bc3 62. Re6 h5 63. Rh6 Kc2 64. Ke4 Kb2 65. Kd3 h4 66. Rxh4 Kb1 67. a4 bxa4 68. bxa4 Ka2 69. a5 Be1 70. Rh2+ Kb3 71. a6 Bg3 72. a7 1-0